000 00299nam a22001337a 4500
008 210519b ||||| |||| 00| 0 eng d
041 _aeng
080 _22nd
_a004
082 _a004
100 _a28
101 _aSHKI
245 _aAssembler Language with Assist
_cOverbeek,R.A
942 _2udc
_cBK
999 _c57482
_d57482